<?xml version="1.0" encoding="UTF-8"?>
<record
    xmlns:xsi="http://www.w3.org/2001/XMLSchema-instance"
    xsi:schemaLocation="http://www.loc.gov/MARC21/slim http://www.loc.gov/standards/marcxml/schema/MARC21slim.xsd"
    xmlns="http://www.loc.gov/MARC21/slim">

  <leader>00665nam a22001337a 4500</leader>
  <datafield tag="040" ind1=" " ind2=" ">
    <subfield code="c">RUA </subfield>
  </datafield>
  <datafield tag="082" ind1=" " ind2=" ">
    <subfield code="a">AVM KEP 2012 B101 Or.1 </subfield>
  </datafield>
  <datafield tag="100" ind1=" " ind2=" ">
    <subfield code="a">KEP CHANDARA</subfield>
  </datafield>
  <datafield tag="245" ind1=" " ind2=" ">
    <subfield code="a">The study on of mobility rate of sow at cambodia-china breeding pig demonstration farm, (&#x1780;&#x17B6;&#x179A;&#x179F;&#x17B7;&#x1780;&#x17D2;&#x179F;&#x17B6;&#x179B;&#x17BE;&#x1787;&#x1798;&#x17D2;&#x1784;&#x17BA;&#x1798;&#x17C1;&#x1787;&#x17D2;&#x179A;&#x17BC;&#x1780;&#x1794;&#x17C6;&#x1794;&#x17C5;&#x1780;&#x17BC;&#x1793; &#x1793;&#x17C5;&#x179F;&#x17D2;&#x1790;&#x17B6;&#x1793;&#x17B8;&#x1799;&#x17CD;&#x1785;&#x17B7;&#x1789;&#x17D2;&#x1785;&#x17B9;&#x1798;&#x1787;&#x17D2;&#x179A;&#x17BC;&#x1780;&#x1796;&#x17BC;&#x1787;&#x1794;&#x1784;&#x17D2;&#x17A0;&#x17B6;&#x1789;&#x200B; &#x1780;&#x1798;&#x17D2;&#x1796;&#x17BB;&#x1787;&#x17B6;-&#x1785;&#x17B7;&#x1793;)</subfield>
  </datafield>
  <datafield tag="260" ind1=" " ind2=" ">
    <subfield code="a">Phnom Penh </subfield>
    <subfield code="b">Rua </subfield>
    <subfield code="c">2012</subfield>
  </datafield>
  <datafield tag="300" ind1=" " ind2=" ">
    <subfield code="a">x; 38p.</subfield>
    <subfield code="b">ill.</subfield>
    <subfield code="c">29cm.</subfield>
  </datafield>
  <datafield tag="856" ind1=" " ind2=" ">
    <subfield code="u">https://drive.google.com/file/d/1RXogsECedKqnxurJ3mNT9KMXbYLR4qEs/view?usp=sharing</subfield>
  </datafield>
  <datafield tag="942" ind1=" " ind2=" ">
    <subfield code="c">AVM</subfield>
  </datafield>
  <datafield tag="999" ind1=" " ind2=" ">
    <subfield code="c">2609</subfield>
    <subfield code="d">2609</subfield>
  </datafield>
  <datafield tag="952" ind1=" " ind2=" ">
    <subfield code="0">0</subfield>
    <subfield code="1">0</subfield>
    <subfield code="2">ddc</subfield>
    <subfield code="4">0</subfield>
    <subfield code="6">AVM_KEP_2012_000000000000000_B101_OR_1</subfield>
    <subfield code="7">0</subfield>
    <subfield code="9">12143</subfield>
    <subfield code="a">LBB</subfield>
    <subfield code="b">LBB</subfield>
    <subfield code="c">B101</subfield>
    <subfield code="d">2015-10-24</subfield>
    <subfield code="o">AVM KEP 2012 B101 Or.1</subfield>
    <subfield code="p">RUA009503</subfield>
    <subfield code="r">2015-10-24</subfield>
    <subfield code="w">2015-10-24</subfield>
    <subfield code="y">AVM</subfield>
  </datafield>
  <datafield tag="952" ind1=" " ind2=" ">
    <subfield code="0">0</subfield>
    <subfield code="1">0</subfield>
    <subfield code="2">ddc</subfield>
    <subfield code="4">0</subfield>
    <subfield code="6">AVM_KEP_2012_000000000000000_B101_OR_2</subfield>
    <subfield code="7">0</subfield>
    <subfield code="9">12144</subfield>
    <subfield code="a">LBB</subfield>
    <subfield code="b">LBB</subfield>
    <subfield code="c">B101</subfield>
    <subfield code="d">2015-10-24</subfield>
    <subfield code="o">AVM KEP 2012 B101 Or.2</subfield>
    <subfield code="p">RUA015258</subfield>
    <subfield code="r">2015-10-24</subfield>
    <subfield code="w">2015-10-24</subfield>
    <subfield code="y">AVM</subfield>
  </datafield>
  <datafield tag="952" ind1=" " ind2=" ">
    <subfield code="0">0</subfield>
    <subfield code="1">0</subfield>
    <subfield code="2">ddc</subfield>
    <subfield code="4">0</subfield>
    <subfield code="6">AVM_KEP_2012_000000000000000_B101_OR_3</subfield>
    <subfield code="7">0</subfield>
    <subfield code="9">12145</subfield>
    <subfield code="a">LBB</subfield>
    <subfield code="b">LBB</subfield>
    <subfield code="c">B101</subfield>
    <subfield code="d">2015-10-24</subfield>
    <subfield code="l">3</subfield>
    <subfield code="o">AVM KEP 2012 B101 Or.3</subfield>
    <subfield code="p">RUA015112</subfield>
    <subfield code="r">2016-09-23</subfield>
    <subfield code="s">2016-09-12</subfield>
    <subfield code="w">2015-10-24</subfield>
    <subfield code="y">AVM</subfield>
  </datafield>
  <datafield tag="952" ind1=" " ind2=" ">
    <subfield code="0">0</subfield>
    <subfield code="1">0</subfield>
    <subfield code="2">ddc</subfield>
    <subfield code="4">0</subfield>
    <subfield code="6">AVM_KEP_2012_000000000000000_B101_OR_4</subfield>
    <subfield code="7">0</subfield>
    <subfield code="9">12146</subfield>
    <subfield code="a">LBB</subfield>
    <subfield code="b">LBB</subfield>
    <subfield code="c">B101</subfield>
    <subfield code="d">2015-10-24</subfield>
    <subfield code="l">3</subfield>
    <subfield code="o">AVM KEP 2012 B101 Or.4</subfield>
    <subfield code="p">RUA016792</subfield>
    <subfield code="r">2017-02-24</subfield>
    <subfield code="s">2017-01-23</subfield>
    <subfield code="w">2015-10-24</subfield>
    <subfield code="y">AVM</subfield>
  </datafield>
  <datafield tag="952" ind1=" " ind2=" ">
    <subfield code="0">0</subfield>
    <subfield code="1">0</subfield>
    <subfield code="2">ddc</subfield>
    <subfield code="4">0</subfield>
    <subfield code="6">AVM_KEP_2012_000000000000000_B101_OR_5</subfield>
    <subfield code="7">0</subfield>
    <subfield code="9">12147</subfield>
    <subfield code="a">LBB</subfield>
    <subfield code="b">LBB</subfield>
    <subfield code="c">B101</subfield>
    <subfield code="d">2015-10-24</subfield>
    <subfield code="l">3</subfield>
    <subfield code="o">AVM KEP 2012 B101 Or.5</subfield>
    <subfield code="p">RUA016865</subfield>
    <subfield code="r">2016-10-31</subfield>
    <subfield code="s">2016-10-18</subfield>
    <subfield code="w">2015-10-24</subfield>
    <subfield code="y">AVM</subfield>
  </datafield>
  <datafield tag="952" ind1=" " ind2=" ">
    <subfield code="0">0</subfield>
    <subfield code="1">0</subfield>
    <subfield code="2">ddc</subfield>
    <subfield code="4">0</subfield>
    <subfield code="6">AVM_KEP_2012_000000000000000_B101_OR_6</subfield>
    <subfield code="7">0</subfield>
    <subfield code="9">37053</subfield>
    <subfield code="a">LBB</subfield>
    <subfield code="b">LBB</subfield>
    <subfield code="c">B101</subfield>
    <subfield code="d">2016-02-04</subfield>
    <subfield code="l">1</subfield>
    <subfield code="o">AVM KEP 2012 B101 Or.6</subfield>
    <subfield code="p">RUA41372</subfield>
    <subfield code="r">2016-09-06</subfield>
    <subfield code="s">2016-08-12</subfield>
    <subfield code="w">2016-02-04</subfield>
    <subfield code="y">AVM</subfield>
  </datafield>
  <datafield tag="952" ind1=" " ind2=" ">
    <subfield code="0">0</subfield>
    <subfield code="1">0</subfield>
    <subfield code="2">ddc</subfield>
    <subfield code="4">0</subfield>
    <subfield code="6">AVM_KEP_2012_000000000000000_B101_OR_7</subfield>
    <subfield code="7">0</subfield>
    <subfield code="9">65366</subfield>
    <subfield code="a">LBA</subfield>
    <subfield code="b">LBA</subfield>
    <subfield code="d">2017-08-31</subfield>
    <subfield code="o">AVM KEP 2012 B101 Or.7</subfield>
    <subfield code="p">A25592</subfield>
    <subfield code="r">2017-08-31</subfield>
    <subfield code="w">2017-08-31</subfield>
    <subfield code="y">AVM</subfield>
  </datafield>
  <datafield tag="952" ind1=" " ind2=" ">
    <subfield code="0">0</subfield>
    <subfield code="1">0</subfield>
    <subfield code="2">ddc</subfield>
    <subfield code="4">0</subfield>
    <subfield code="6">AVM_KEP_2012_000000000000000_B1_230_OR_1</subfield>
    <subfield code="7">0</subfield>
    <subfield code="9">79322</subfield>
    <subfield code="a">LBB</subfield>
    <subfield code="b">LBB</subfield>
    <subfield code="c">B1.230</subfield>
    <subfield code="d">2019-07-12</subfield>
    <subfield code="o">AVM KEP 2012 B1.230 Or.1</subfield>
    <subfield code="p">A37621</subfield>
    <subfield code="r">2019-07-12</subfield>
    <subfield code="w">2019-07-12</subfield>
    <subfield code="y">AVM</subfield>
  </datafield>
</record>
